Представление документа в формате MARC21

Поле Инд. ПП Название Значение
Тип записи a
Библиографический уровень m
001 Контрольный номер bc721076-644d-4f8e-9722-cb9ac3dcf6e9
005 Дата корректировки 20140703155908.8
008 Кодируемые данные 070711
020 a ISBN 5-7695-1442-6
c Цена, тираж 117.00
040 a Служба первич. каталог. НБ ТвГУ
041 a Код языка текста rus
080 a Индекс УДК 544(075.8)
084 a Индекс другой классификации/Индекс ББК Г5я73-1
a Индекс другой классификации/Индекс ББК Г11я73-1
090 x Авторский знак К68
a Полочн. индекс Г5
100 1_ a Автор Корольков Дмитрий Васильевич
245 10 a Заглавие Основы теоретической химии
b Продолж. заглавия учеб. пособие для студентов вузов, обучающихся по по специальности 011000 "Химия" (специализации: 011024 "Квантовая химия", 011013 "Химическая кинетика и катализ", 011005 "Физическая химия")
c Ответственность Д. В. Корольков, Г. А. Скоробогатов
260 0_ a Место издания Москва
b Издательство Academia
c Дата издания 2004
300 a Объем 346, [1] с.
b Иллюстрации/ тип воспроизводства ил.
440 a Серия Высшее профессиональное образование
a Серия Естественные науки
504 a Библиография Библиогр.: с. 327-340.- Предм. указ.: с.341-344.
583 a Действие Получение впервые 174 09.07.2007
k Исполнитель действия Дар ООО "Кроун"
650 a Основная рубрика Химия теоретическая
x Основная подрубрика Учебники для вузов
653 a Ключевые слова Химия
a Ключевые слова Теоретическая химия
700 1_ a Другие авторы Скоробогатов Герман Александрович
e Роль лиц авт.
852 t Порядковый номер экземпляра 1
p Инвентарный номер 879307
863 t 00174019
888 a Бесплатные
930 a Новая/Ретро учебники
952 p 174.2007 117.00 1 879307
c Вид литературы К ру
954 a Дата поступления на обработку 20071001
999 a Подразделение 2 Фил3